LEADER 01020naa a2200241 u 4500 001 000000093878 003 CaOOAMICUS 005 20070226130135.0 008 010719m19801982fr u000 u fre u 035 $a10897899 040 $aPUL(R)$bita 100 1 $aUbertazzi, Giovanni Maria.$0(OLS)http://pul/name/60376 245 10$aRégles de non-discrimination et droit international privé /$cpar Giovanni Maria Ubertazzi. 260 $a[S. l. :$bs. n.],$c1980-1982. 300 $aP. [333-414] 504 $aBibliografia in nota. 650 4$aDiritto internazionale privato.$0(OLS)http://pul/subject/2921 650 4$aDiritti umani.$0(OLS)http://pul/subject/3219 773 0 $tRecueil des cours$gv.IV (1977) 773 0 $tRecueil des cours 1977 : collected courses of The Hague Academy of International Law$w()60361 960 $aDiritti dell'uomo$93219 996 $6245$aRégles de non-discrimination et droit international privé$9(OLS)http://pul/title/120734 996 $6260$a[S. l. :$bs. n.]$9(OLS)http://pul/publisher/47882 LEADER 01172nam a2200313 a 4500 001 000000151275 003 CaOOAMICUS 005 20160412161944.0 008 160412s2016 it u000 u ita r 020 $a978-88-10-43201-3* 032 $aLibriCat 040 $aPUL$bita 082 14$a306.6 100 1 $aPace, Enzo.$0(OLS)http://pul/name/34600 245 10$aSociologia delle religioni /$cEnzo Pace. 260 $aBologna :$bEDB,$c©2016. 300 $a334 p. ;$c20 cm. 490 1 $aFondamenta 504 $aBibliografia in nota a piè pagina. 650 04$aSociologia e religione.$0(OLS)http://pul/subject/15539 830 0$aFondamenta (EDB).$0(OLS)http://pul/title/188405 850 $aPUL 852 $aPUL$W1$xSL Diritto e Scienze Sociali 3$y79$m306. 6 PACEN 2$j173719$qDDC 21$B176094$CPULBib$Z2$F176094 $H127595 $81 941 1 $a9 996 $6020$a978-88-10-43201-3*$9(OLS)http://pul/number/160261 996 $6082$a306.6$9(OLS)http://pul/classification/552 996 $6245$aSociologia delle religioni$9(OLS)http://pul/title/6010 996 $6260$aBologna :$bEDB$9(OLS)http://pul/publisher/56073